České obce, které začínají na písmeno C - Statistics

General Stats
  • This quiz has been taken 37 times
  • The average score is 8 of 38
Answer Stats
Počet obyvatel Okres Odpověď % Correct
4 479 Česká Lípa Cvikov
83%
1 808 Kolín Cerhenice
44%
1 244 Přerov Citov
44%
527 Mělník Cítov
44%
1 163 Beroun Cerhovice
39%
597 Znojmo Citonice
39%
81 Třebíč Cidlina
33%
1 311 Kutná Hora Církvice
33%
156 Kolín Církvice
33%
318 Přerov Císařov
33%
401 Ústí nad Orlicí Cotkytle
33%
786 Kladno Cvrčovice
28%
652 Brno-venkov Cvrčovice
28%
756 Blansko Cetkovice
22%
1 057 Louny Cítoliby
22%
513 Jindřichův Hradec Cizkrajov
22%
168 Blansko Crhov
22%
500 Strakonice Cehnice
17%
301 Tachov Ctiboř
17%
153 Benešov Ctiboř
17%
379 Litoměřice Ctiněves
17%
510 Jihlava Cejle
11%
182 Jindřichův Hradec Cep
11%
189 Kroměříž Cetechovice
11%
110 Žďár nad Sázavou Cikháj
11%
247 Chrudim Ctětín
11%
269 Tachov Cebiv
6%
852 Svitavy Cerekvice nad Loučnou
6%
145 Písek Cerhonice
6%
304 Pelhřimov Cetoraz
6%
165 Příbram Cetyně
6%
874 Sokolov Citice
6%
291 Znojmo Ctidružice
6%
138 Mladá Boleslav Ctiměřice
6%
160 Rokycany Cekov
0%
777 Jičín Cerekvice nad Bystřicí
0%
203 Jihlava Cerekvička-Rosice
0%
111 Liberec Cetenov
0%
No matching quizzes found
Score Distribution
Percent of People with Each Score
Percentile by Number Answered
Your Score History
You have not taken this quiz